00664 2200217 4500001002100000005001700021008004100038035002400079082001000103090002000113110007800133245009000211260004500301300002900346650001300375850001500388980001100403985000600414986001300420999001300433YOGYA-0209000000780320090227021044.0 ind  0010-020900000007803 a304.6 a304.6bUni PlR aUNIVERSITAS GADJAH MADA CENTER for Rural and Regional Development studies aPSPK ProfilebMajor Works during last Ten years which best illustrates Qualifications aYogyakartabGadjah Mada Universityc2002 avi, 106 hlmbilusc25 cm aPenduduk aYOPDYOG(B) a140704 a1 aPkl-PPKP a04A00486